[Event "HUN-chT 0304"]
[Site "Hungary"]
[Date "2004.04.04"]
[Round "10"]
[White "Groszpeter, Attila"]
[Black "Torok, Bela"]
[Result "0-1"]
[WhiteElo "2502"]
[BlackElo "2327"]
[PlyCount "66"]
[EventDate "2003.09.28"]
[EventType "team"]
[EventRounds "11"]
[EventCountry "HUN"]
[SourceTitle "EXT 2006"]
[Source "ChessBase"]
[SourceDate "2005.11.24"]
[SourceVersion "1"]
[SourceVersionDate "2005.11.24"]
[SourceQuality "1"]

1. e4 e5 2. Nf3 Nf6 3. d4 Nxe4 4. dxe5 d5 5. Nbd2 Nxd2 6. Qxd2 c5 7. Bb5+ Nc6 8. 0-0 Be7 9. Rd1 Be6 10. Bxc6+ bxc6 11. b3 0-0 12. Ba3 h6 13. h3 a5 14. Ne1 Re8 15. Nd3 c4 16. Bxe7 Qxe7 17. bxc4 dxc4 18. Nf4 Bf5 19. Re1 Qb4 20. Qe3 Bxc2 21. Rac1 Bf5 22. Qd4 c3 23. Qe3 c2 24. g4 Bh7 25. e6 fxe6 26. Nxe6 Re7 27. f4 h5 28. a3 Qc4 29. Re2 hxg4 30. hxg4 Bd3 31. Rd2 Bg6 32. Qc5 Qxe6 33. f5 Qe1+ 0-1

[Event "HUN-chT 0304"]
[Site "Hungary"]
[Date "2004.02.22"]
[Round "8"]
[White "Torok, Bela"]
[Black "Boguszlavszkij, Jevgenyij"]
[Result "1-0"]
[WhiteElo "2327"]
[BlackElo "2261"]
[PlyCount "139"]
[EventDate "2003.09.28"]
[EventType "team"]
[EventRounds "11"]
[EventCountry "HUN"]
[SourceTitle "EXT 2006"]
[Source "ChessBase"]
[SourceDate "2005.11.24"]
[SourceVersion "1"]
[SourceVersionDate "2005.11.24"]
[SourceQuality "1"]

1. e4 c6 2. d4 d5 3. Nc3 dxe4 4. Nxe4 Nf6 5. Nxf6+ gxf6 6. c3 Bf5 7. Nf3 Qc7 8. g3 Nd7 9. Bg2 h5 10. Nh4 Bg4 11. Qa4 Nb6 12. Qa5 Nd5 13. Qxc7 Nxc7 14. f4 Be6 15. 0-0 0-0-0 16. b3 Kb8 17. Bb2 Bd5 18. Bh3 Be6 19. f5 Bc8 20. c4 Bh6 21. Rae1 Rhe8 22. Re4 b5 23. Bc3 Ba6 24. Rb1 Rd7 25. Bf1 Red8 26. Be2 Ka8 27. Rf1 bxc4 28. bxc4 Ne8 29. c5 Bxe2 30. Rxe2 Nc7 31. Ba5 Rc8 32. Bxc7 Rcxc7 33. Nf3 Rd5 34. Rfe1 Bf8 35. Kg2 Rxf5 36. Rb2 Rb7 37. Reb1 Rxb2+ 38. Rxb2 Rd5 39. Re2 e6 40. Re4 Kb7 41. g4 f5 42. gxf5 Rxf5 43. Re3 Rd5 44. Rb3+ Kc8 45. Ra3 Rd7 46. Ne5 Rc7 47. Rg3 Kb7 48. Rg8 Bh6 49. Kf3 Ka6 50. Nc4 Kb5 51. Nd6+ Kb4 52. Ke4 Ka3 53. Rg2 f5+ 54. Kd3 Rg7 55. Nc4+ Ka4 56. Rc2 Rg1 57. Ne5 Rd1+ 58. Kc4 Be3 59. Nd3 Rd2 60. Rxd2 Bxd2 61. Ne5 Bf4 62. Nxc6 Bxh2 63. Nd8 h4 64. Nxe6 Bb8 65. Ng5 Ka5 66. d5 Ka6 67. d6 f4 68. Kd5 f3 69. Nxf3 h3 70. Kc6 1-0

[Event "HUN-chT 0304"]
[Site "Hungary"]
[Date "2004.02.08"]
[Round "7"]
[White "Binder, Tamas"]
[Black "Torok, Bela"]
[Result "0-1"]
[WhiteElo "2266"]
[BlackElo "2327"]
[PlyCount "72"]
[EventDate "2003.09.28"]
[EventType "team"]
[EventRounds "11"]
[EventCountry "HUN"]
[SourceTitle "EXT 2006"]
[Source "ChessBase"]
[SourceDate "2005.11.24"]
[SourceVersion "1"]
[SourceVersionDate "2005.11.24"]
[SourceQuality "1"]

1. d4 Nf6 2. c4 e6 3. Nf3 b6 4. g3 Ba6 5. Qc2 Bb7 6. Bg2 c5 7. 0-0 Nc6 8. dxc5 Bxc5 9. Nc3 0-0 10. Rd1 Ng4 11. e3 Qc8 12. a3 Nce5 13. Nxe5 Nxe5 14. Ne4 f5 15. Qc3 fxe4 16. Qxe5 Rf5 17. Qc3 Qc6 18. Bd2 Be7 19. Rac1 Raf8 20. Be1 Bf6 21. Qd2 Rf7 22. b4 Be5 23. Qc2 h5 24. b5 Qc5 25. Bxe4 Bxe4 26. Qxe4 Qxa3 27. Qd3 Qc5 28. Rc2 Rf3 29. Bc3 h4 30. Bxe5 Qxe5 31. Qd4 Qf5 32. e4 Qh3 33. Rd3 hxg3 34. hxg3 R7f6 35. Rxf3 Rh6 36. Rf8+ Kxf8 0-1

[Event "SVK-chT3B 0102"]
[Site "Slovakia"]
[Date "2001.??.??"]
[Round "3"]
[White "Torok, Bela"]
[Black "Danek, Pavol"]
[Result "1-0"]
[WhiteElo "2295"]
[BlackElo "2245"]
[PlyCount "55"]
[EventDate "2001.10.??"]
[EventType "team"]
[EventRounds "9"]
[EventCountry "SVK"]
[SourceTitle "EXT 2006"]
[Source "ChessBase"]
[SourceDate "2005.11.24"]
[SourceVersion "1"]
[SourceVersionDate "2005.11.24"]
[SourceQuality "1"]

1. e4 d6 2. d4 g6 3. Nc3 Bg7 4. Be3 c6 5. Qd2 b5 6. f3 Nd7 7. Bd3 a6 8. Nce2 c5 9. c3 Bb7 10. h4 h5 11. Nh3 Ngf6 12. 0-0 cxd4 13. cxd4 0-0 14. Rad1 e6 15. Bb1 Nh7 16. Ng5 Nxg5 17. hxg5 Nb6 18. b3 Re8 19. Qe1 d5 20. e5 Nc8 21. g4 hxg4 22. fxg4 a5 23. Qh4 b4 24. Nf4 Ne7 25. Rf3 Rc8 26. Rh3 Nf5 27. gxf5 gxf5 28. Nh5 1-0

[Event "SVK-chT3B 0102"]
[Site "Slovakia"]
[Date "2001.??.??"]
[Round "1"]
[White "Torok, Bela"]
[Black "Kubala, Jan"]
[Result "1/2-1/2"]
[WhiteElo "2295"]
[BlackElo "2210"]
[PlyCount "86"]
[EventDate "2001.10.??"]
[EventType "team"]
[EventRounds "9"]
[EventCountry "SVK"]
[SourceTitle "EXT 2006"]
[Source "ChessBase"]
[SourceDate "2005.11.24"]
[SourceVersion "1"]
[SourceVersionDate "2005.11.24"]
[SourceQuality "1"]

1. e4 e6 2. d4 d5 3. Nd2 a6 4. Ngf3 Nf6 5. e5 Nfd7 6. Bd3 c5 7. c3 Nc6 8. 0-0 cxd4 9. cxd4 Qb6 10. Qc2 Nxd4 11. Nxd4 Qxd4 12. Nf3 Qc5 13. Qe2 Be7 14. Be3 Qa5 15. a3 b5 16. b4 Qd8 17. Qc2 Bb7 18. Rac1 Rc8 19. Qb1 Nb6 20. Rxc8 Bxc8 21. Bxb6 Qxb6 22. Rc1 Bb7 23. Bxh7 g6 24. Bxg6 fxg6 25. Qxg6+ Kd7 26. Qg7 Qd8 27. Nd4 Qg8 28. Qxg8 Rxg8 29. g3 Rc8 30. Rxc8 Bxc8 31. h4 Ke8 32. f4 Bd7 33. Nb3 Kf7 34. Kf2 Kg6 35. Kf3 Kh5 36. Nd4 a5 37. bxa5 Bxa3 38. f5 exf5 39. e6 Be8 40. Nxf5 Kg6 41. g4 Bc5 42. h5+ Kh7 43. Ke2 b4 1/2-1/2

[Event "SVK-chT3B 0102"]
[Site "Slovakia"]
[Date "2001.??.??"]
[Round "4"]
[White "Torok, Bela"]
[Black "Machata, Martin"]
[Result "1/2-1/2"]
[WhiteElo "2295"]
[BlackElo "2185"]
[PlyCount "163"]
[EventDate "2001.10.??"]
[EventType "team"]
[EventRounds "9"]
[EventCountry "SVK"]
[SourceTitle "EXT 2006"]
[Source "ChessBase"]
[SourceDate "2005.11.24"]
[SourceVersion "1"]
[SourceVersionDate "2005.11.24"]
[SourceQuality "1"]

1. e4 d5 2. exd5 Nf6 3. d4 Nxd5 4. c4 Nb6 5. Nf3 g6 6. Nc3 Bg7 7. Be3 0-0 8. h3 Nc6 9. Be2 e5 10. d5 Ne7 11. g4 e4 12. Nxe4 f5 13. Nc3 fxg4 14. hxg4 Bxg4 15. Ng5 Bxe2 16. Qxe2 Nf5 17. Ne6 Bxc3+ 18. bxc3 Qf6 19. Kd2 Rf7 20. Bg5 Qe5 21. Qxe5 Nxc4+ 22. Kc2 Nxe5 23. Bf4 Ng4 24. Rag1 Nxf2 25. Rh2 Ne4 26. Be5 Nf6 27. Ng5 Ng4 28. Rxg4 Ne3+ 29. Kd3 Nxg4 30. Nxf7 h5 31. Nh6+ Nxh6 32. Bxc7 Kf7 33. d6 Ke6 34. Rb2 Nf5 35. Rxb7 Nxd6 36. Bxd6 Kxd6 37. Rg7 Rh8 38. Rxg6+ Kc5 39. Rg5+ Kc6 40. Kc4 h4 41. Rg6+ Kc7 42. Kb5 h3 43. Rg7+ Kb8 44. Rg1 h2 45. Rh1 Rh5+ 46. Kc6 Rh6+ 47. Kc5 Kc7 48. Kb4 Kb6 49. Kc4 Kc6 50. Kb4 Rh5 51. a3 a5+ 52. Ka4 Kb6 53. Rb1+ Ka6 54. Rh1 Rh4+ 55. Kb3 a4+ 56. Kc2 Rh3 57. Kb2 Kb5 58. Kc2 Kc5 59. Kb1 Kc4 60. Kb2 Kd3 61. Rd1+ Ke2 62. Rh1 Kd2 63. c4 Ke2 64. c5 Kf2 65. c6 Kg2 66. c7 Rh8 67. Rc1 h1Q 68. Rxh1 Kxh1 69. Kc3 Rc8 70. Kb4 Rxc7 71. Kxa4 Rb7 72. Ka5 Ra7+ 73. Kb4 Kg2 74. a4 Kf3 75. Kb5 Ke4 76. a5 Kd5 77. Kb6 Ra8 78. a6 Rb8+ 79. Kc7 Rb1 80. a7 Ra1 81. Kb8 Rxa7 82. Kxa7 1/2-1/2